Welcome to CU Library Online Public Access Catalogue (OPAC)

Foundations of Engineering Geology (Record no. 8381)

MARC details
000 -LEADER
fixed length control field 00433nam a22001577a 4500
005 - DATE AND TIME OF LATEST TRANSACTION
control field 20251124211307.0
008 - FIXED-LENGTH DATA ELEMENTS--GENERAL INFORMATION
fixed length control field 251124b |||||||| |||| 00| 0 eng d
020 ## - INTERNATIONAL STANDARD BOOK NUMBER
International Standard Book Number 9780415254502
050 ## - LIBRARY OF CONGRESS CALL NUMBER
Classification number TA705
Item number .W34
100 ## - MAIN ENTRY--PERSONAL NAME
Personal name Waltham, Tony
245 ## - TITLE STATEMENT
Title Foundations of Engineering Geology
Statement of responsibility, etc. Tony Waltham
250 ## - EDITION STATEMENT
Edition statement 2nd ed.
260 ## - PUBLICATION, DISTRIBUTION, ETC.
Place of publication, distribution, etc. London
-- New York
Name of publisher, distributor, etc. Spon Press
Date of publication, distribution, etc. 2005
300 ## - PHYSICAL DESCRIPTION
Extent 92p.
Other physical details ill.
Dimensions 30cm
942 ## - ADDED ENTRY ELEMENTS (KOHA)
Source of classification or shelving scheme Library of Congress Classification
Koha item type Books
Edition 2nd ed.
Suppress in OPAC No
999 ## -
-- 8381
-- 8381
Holdings
Withdrawn status Lost status Source of classification or shelving scheme Damaged status Not for loan Collection Home library Current library Shelving location Date acquired Total checkouts Full call number Barcode Date last seen Copy number Price effective from Koha item type
    Library of Congress Classification     Non-fiction Science Library (Miotso) Science Library (Miotso) General stacks 11/24/2025   TA705 .W34 WAL SLM00006194 11/24/2025 1 11/24/2025 Books
    Library of Congress Classification     Non-fiction Science Library (Miotso) Science Library (Miotso) General stacks 11/24/2025   TA705 .W34 WAL SLM00006195 11/24/2025 2 11/24/2025 Books
    Library of Congress Classification     Non-fiction Science Library (Miotso) Science Library (Miotso) General stacks 11/24/2025   TA705 .W34 WAL SLM00006196 11/24/2025 3 11/24/2025 Books
    Library of Congress Classification     Non-fiction Science Library (Miotso) Science Library (Miotso) General stacks 11/24/2025   TA705 .W34 WAL SLM00006197 11/24/2025 4 11/24/2025 Books
    Library of Congress Classification     Non-fiction Science Library (Miotso) Science Library (Miotso) General stacks 11/24/2025   TA705 .W34 WAL SLM00006198 11/24/2025 5 11/24/2025 Books
    Library of Congress Classification     Non-fiction Science Library (Miotso) Science Library (Miotso) General stacks 11/24/2025   TA705 .W34 WAL SLM00006199 11/24/2025 6 11/24/2025 Books
    Library of Congress Classification     Non-fiction Science Library (Miotso) Science Library (Miotso) General stacks 11/24/2025   TA705 .W34 WAL SLM00006200 11/24/2025 7 11/24/2025 Books
© 2023-2024 Copyright: Central University Libraries. All Rights Reserved | Created by: Mahone Tech Office